LEADER 01320nam a2200289 u 4500 001 000000030595 003 CaOOAMICUS 005 20070226112039.0 008 970917s1986 it u000 u ita u 035 $a10769730 040 $aPUL$bita$dPUL 041 1 $aita$hger 100 1 $aGunneweg, Antonius H.J.,$d1922-1990.$0(OLS)http://pul/name/24617 240 10$aVom Verstehen des Alten Testaments : eine Hermeneutik.$lItaliano.$0(OLS)http://pul/title/42018 245 10$aComprendere l'Antico Testamento :$bun'ermeneutica /$cdi Antonius H.J. Gunneweg. 260 $aBrescia :$bPaideia,$cc1986. 300 $a324 p. ;$c21 cm 490 1 $aAntico Testamento.$aSupplementi ;$v5 500 $a"Titolo originale dell'opera: Antonius H.J. Gunneweg, Vom Verstehen des Alten Testaments. Eine Hermeneutik". 630 04$aBiblia.$pV.T.$xCommenti.$0(OLS)http://pul/subject/5910 830 0$aAntico Testamento.$pSupplementi ;$v5.$0(OLS)http://pul/title/42020 850 $aPUL 852 $aPUL$W1$xSL Religione 1$y3$m1(6) H 5s$j42298$nBK-PRI$b $qStampati$B42298$CPULBib$Z2$F42298 $H $81 941 1 $a8 961 $aINV: 65184 996 $6245$aComprendere l'Antico Testamento :$bun'ermeneutica$9(OLS)http://pul/title/42019 996 $6260$aBrescia :$bPaideia$9(OLS)http://pul/publisher/47884 LEADER 01083nam a2200253 a 4500 001 000000120501 003 CaOOAMICUS 005 20100304120056.0 008 100304t2009 it u000 u ita r 020 $z978-88-348-9268-0* 040 $aPUL$bita$dReb 245 00$aManuale di diritto commerciale /$ca cura di Vincenzo Buonocore ; Amedeo Bassi [et al.]. 250 $a9. ed. 260 $aTorino :$bG. Giappichelli,$cİ2009. 300 $axxxviii, 1281 p. ;$c25 cm 650 4$aDiritto commerciale$zItalia$xManuali.$0(OLS)http://pul/subject/20113 700 1 $aBassi, Amedeo.$0(OLS)http://pul/name/26626 700 1 $aBuonocore, Vincenzo.$0(OLS)http://pul/name/26625 850 $aPUL 852 $aPUL$W1$xSL Diritto e Scienze Sociali 3$y79$m346. 07 BUOVI 1$j138136$qDDC 21$B137335$CPULBib$Z2$F137335 $H112652 $82 941 1 $a9 996 $6020$z978-88-348-9268-0*$9(OLS)http://pul/number/143496 996 $6245$aManuale di diritto commerciale$9(OLS)http://pul/title/47612 996 $6260$aTorino :$bG. Giappichelli$9(OLS)http://pul/publisher/49130